Vista normal
Vista MARC
- Sociedad Española de Otorrinolaringología y de Patología Cérvico-Facial
Entrada Nombre corporativo
Número de registros utilizados en: 1
001 - NÚMERO DE CONTROL
- campo de control: 2171
003 - IDENTIFICADOR DEL NÚMERO DE CONTROL
- campo de control: ES-MaFIAP
005 - FECHA Y HORA DE LA ÚLTIMA TRANSACCIÓN
- campo de control: 20231214153355.0
008 - DATOS DE LONGITUD FIJA
- campo de control de longitud fija: 231214|| aca||aabn | a|a d
040 ## - FUENTE DE LA CATALOGACIÓN
- Centro catalogador/agencia de origen: ES-MaFIAP
- Centro/agencia transcriptor: ES-MaFIAP
110 ## - ENCABEZAMIENTO-NOMBRE DE ENTIDAD CORPORATIVA
- Nombre de entidad corporativa o nombre de jurisdicción como elemento de entrada: Sociedad Española de Otorrinolaringología y de Patología Cérvico-Facial
- Unidad subordinada: Congreso Nacional
- Número del congreso/reunión o número de parte o sección: (54º.
- Fecha del congreso o de la firma del tratado: 2003.
- Sede del congreso/Lugar de la reunión: Madrid)
670 ## - FUENTE DE DATOS ENCONTRADOS
- Cita de la fuente: Work cat.: (ES-MaFIAP)836: Sociedad Española de Otorrinolaringología y de Patología Cérvico-Facial Congreso Nacional (54º. 2003. Madrid), Prótesis implantables en otocirugía , [2003]





